000 00607nam a2200253Ia 4500
008 181129s9999 xx 000 0 und d
020 _a9780531263518
050 _bS518 2010
100 _aSexton, Colleen
245 0 _aLife cycle of a butterfly /
245 0 _cby Colleen Sexton.
260 _aNew York, NY :
260 _bScholastic,
260 _c2010
300 _a24 pages :
300 _bcolor illustrations ;
300 _c23cm.
440 _aBlastoff! Readers.
500 _a580L
650 _aButterflies --
650 _xLife cycles.
700 _aSeries.
700 _aTitle.
999 _c359884
_d359884